| 000 | 00000nam##2200000za#4500 |
| 001 | 9.605998 |
| 003 | CaOODSP |
| 005 | 20210624212413 |
| 007 | cr ||||||||||| |
| 008 | 150406|2005||||xxc|||||o f|0| 0 fre|d |
| 040 | |aCaOODSP|bfre |
| 043 | |an-cn--- |
| 086 | 1 |aBT31-2/2006-III-120F-PDF |
| 110 | 1 |aCanada. |bConseil du trésor. |
| 245 | 10|aAgence des services frontaliers du Canada |h[ressource électronique] |
| 260 | |aOttawa - Ontario : |bSecrétariat du Conseil du Trésor du Canada |c2005. |
| 300 | |a50p.|bfigures, organigramme, tableaux, photographies |
| 490 | 1 |aBudget des dépenses 2005-2006. Partie III, Rapport sur les plans et les priorités |
| 500 | |a« Budget des dépenses de 2005-2006 à 2007-2008 »--p.1 de 50. |
| 590 | |a13-19-Supp|b2013-08-14 |
| 775 | 08|tCanada Border Services Agency |w(CaOODSP)9.577191 |
| 776 | 0#|tCanada Border Services Agency |w(CaOODSP)9.540946 |
| 776 | 0#|tAgence des services frontaliers du Canada |w(CaOODSP)9.540947 |
| 830 | #0|aBudget des dépenses 2005-2006. Partie III, Rapport sur les plans et les priorités.|w(CaOODSP)9.501323 |
| 856 | 40|ahttp://publications.gc.ca|qPDF|s828 Ko|uhttps://publications.gc.ca/collections/Collection/BT31-2-2006-III-120F.pdf |